[Event "SC Reti Heusweiler-SG Porz 47"]
[Site "?"]
[Date "2007.12.27"]
[Round "2.4"]
[White "Schirra, Felix"]
[Black "Priesmann, Dominik"]
[Result "1-0"]
[WhiteElo "1216"]
[BlackElo "796"]
[PlyCount "39"]
[EventDate "2007.??.??"]
[WhiteTeam "SC Reti Heusweiler"]
[BlackTeam "SG Porz 47"]

1. c4 e5 2. Nc3 Nf6 3. g3 Nc6 4. Bg2 Bc5 5. d3 O-O 6. Nf3 h6 7. O-O Re8 8. Qc2
Nd4 9. Nxd4 exd4 10. Ne4 Nxe4 11. Bxe4 d6 12. b4 Bxb4 13. Rb1 c5 14. a3 Ba5 15.
Bxb7 Bxb7 16. Rxb7 Bb6 17. Qa4 Rxe2 18. Qd7 Rb8 19. Qxf7+ Kh8 20. Qxg7# 1-0

[Event "SC Forchheim-Weisse Dame Hamburg"]
[Site "?"]
[Date "2007.12.27"]
[Round "2.2"]
[White "Nöttling, Dominik"]
[Black "Lampert, Jonas"]
[Result "0-1"]
[WhiteElo "1755"]
[BlackElo "1629"]
[PlyCount "128"]
[EventDate "2007.??.??"]
[WhiteTeam "SC Forchheim"]
[BlackTeam "Weisse Dame Hamburg"]

1. e4 e5 2. Bc4 Nf6 3. d3 Nc6 4. Nf3 Be7 5. Nc3 d6 6. O-O Be6 7. Bb3 Qd7 8. Be3
O-O 9. Qe2 Rad8 10. Rad1 d5 11. exd5 Nxd5 12. Ne4 Nxe3 13. fxe3 Bxb3 14. axb3
f6 15. Rf2 f5 16. Nc3 Bc5 17. d4 exd4 18. Qc4+ Qf7 19. Qxc5 dxc3 20. Rxd8 Rxd8
21. bxc3 Rd1+ 22. Rf1 Qd5 23. Qxd5+ Rxd5 24. Nd4 Ne7 25. c4 Re5 26. Rf3 a6 27.
Kf2 g6 28. Ke1 Kf7 29. Kd2 Nc8 30. Ne2 Nd6 31. Nc3 Ne4+ 32. Nxe4 Rxe4 33. Rf4
c5 34. c3 h6 35. Rf2 Ke6 36. Kd3 Kd6 37. b4 Kc6 38. Ra2 Kc7 39. Rb2 b6 40. Ra2
Kb7 41. Rb2 Kc6 42. Ra2 Kb7 43. Rb2 Kc6 44. g3 Re7 45. Ra2 Kb7 46. Ke2 g5 47.
Ra3 h5 48. Kd3 Rd7+ 49. Ke2 Re7 50. h4 gxh4 51. gxh4 Rg7 52. Ra1 Ka7 53. Kd3
Rg4 54. Rh1 cxb4 55. Rh2 b3 56. Rb2 Rxh4 57. Rxb3 Rh2 58. Rb1 h4 59. Rf1 h3 60.
Rxf5 Rh1 61. Ke4 h2 62. Rh5 a5 63. c5 bxc5 64. Rxc5 Ra1 0-1

[Event "SC Einheit Bautzen-TuS Makkabi Berlin"]
[Site "?"]
[Date "2007.12.28"]
[Round "3.1"]
[White "Galkin, Wladislaw"]
[Black "Rührmund, Daniel"]
[Result "0-1"]
[WhiteElo "1737"]
[BlackElo "1584"]
[PlyCount "44"]
[EventDate "2007.??.??"]

1. d4 Nf6 2. c4 c5 3. d5 e6 4. Nc3 exd5 5. cxd5 d6 6. Nf3 g6 7. Nd2 Bg7 8. Nc4
a6 9. a4 O-O 10. Bg5 Qc7 11. Qd2 Nbd7 12. e4 Nb6 13. Qf4 Nxc4 14. Bxc4 Ng4 15.
O-O f6 16. Bh4 g5 17. Bxg5 fxg5 18. Qxg5 Ne5 19. Ba2 Kh8 20. Bb1 Rg8 21. Qh5
Bf6 22. f4 Bg4 0-1

[Event "SC Einheit Bautzen-TuS Makkabi Berlin"]
[Site "?"]
[Date "2007.12.28"]
[Round "3.2"]
[White "Hase, Albert"]
[Black "Davydov, Ruven"]
[Result "0-1"]
[WhiteElo "1479"]
[BlackElo "1747"]
[PlyCount "168"]
[EventDate "2007.??.??"]

1. e4 c5 2. Nf3 e6 3. d4 cxd4 4. Nxd4 a6 5. Nc3 Qc7 6. Bd3 Bb4 7. Bd2 Nf6 8. e5
Qxe5+ 9. Nde2 Nc6 10. a3 Be7 11. Bf4 Qa5 12. Nc1 d6 13. Nb3 Qd8 14. Qe2 O-O 15.
O-O b5 16. Ne4 e5 17. Nxf6+ Bxf6 18. Qe4 g6 19. Qxc6 Bd7 20. Qf3 exf4 21. c3
Be6 22. Nc1 Be5 23. Ne2 Qg5 24. a4 Bg4 25. Qd5 f3 26. Ng3 fxg2 27. Qxg2 Be6 28.
axb5 Bxg3 29. Qxg3 Qxg3+ 30. fxg3 axb5 31. Rfb1 Bc4 32. Be4 d5 33. Bg2 Ra4 34.
Rd1 Bb3 35. Rxa4 bxa4 36. Rd4 Rb8 37. Rd2 Bc4 38. Kf2 Rb3 39. Ke1 a3 40. bxa3
Rxc3 41. Bxd5 Bxd5 42. Rxd5 Rxa3 43. Kf2 Ra2+ 44. Kg1 Kg7 45. h3 h5 46. Rb5 Kh6
47. h4 f5 48. Rb6 Re2 49. Kf1 Rd2 50. Kg1 Kg7 51. Rb7+ Kf6 52. Rb6+ Kf7 53. Ra6
Re2 54. Kf1 Re6 55. Ra5 Kf6 56. Kf2 g5 57. Kf3 g4+ 58. Kf2 Rb6 59. Rc5 Kg6 60.
Rd5 Rf6 61. Ra5 f4 62. Ra3 f3 63. Re3 Rd6 64. Ra3 Re6 65. Ra2 Kf5 66. Ra5+ Re5
67. Ra2 Re2+ 68. Rxe2 fxe2 69. Ke1 Ke5 70. Kf2 Kd4 71. Kxe2 Ke4 72. Kf2 Kd3 73.
Kf1 Ke3 74. Kg1 Kf3 75. Kh2 Kf2 76. Kh1 Kxg3 77. Kg1 Kxh4 78. Kh2 g3+ 79. Kg2
Kg4 80. Kg1 h4 81. Kg2 h3+ 82. Kg1 Kf3 83. Kh1 g2+ 84. Kg1 h2+ 0-1

[Event "SC Einheit Bautzen-TuS Makkabi Berlin"]
[Site "?"]
[Date "2007.12.28"]
[Round "3.4"]
[White "Röpke, Markus"]
[Black "Lerch, Philipp"]
[Result "0-1"]
[WhiteElo "1138"]
[BlackElo "1569"]
[PlyCount "122"]
[EventDate "2007.??.??"]

1. e4 c5 2. Nf3 Nc6 3. d4 cxd4 4. Nxd4 Nf6 5. Nc3 e5 6. Nxc6 bxc6 7. Bd3 Bb4 8.
Bd2 O-O 9. Qe2 d5 10. exd5 cxd5 11. O-O e4 12. Bb5 Bg4 13. Qe1 Qb6 14. Ba4 Bxc3
15. Bxc3 Qa6 16. Bxf6 Be2 17. Bxg7 Rfc8 18. c4 Bxf1 19. Qxf1 Kxg7 20. Bb5 Qd6
21. cxd5 Qxd5 22. b3 Rc2 23. Rd1 Rd2 24. Bc4 Rxd1 25. Bxd5 Rxf1+ 26. Kxf1 Rd8
27. Bxe4 Rd2 28. a4 Rb2 29. Bd5 a5 30. Bc4 Kf8 31. Ke1 Ke7 32. Kf1 f6 33. Ke1
Kd6 34. h3 Kc5 35. g4 Kb4 36. f4 h6 37. h4 Rg2 38. Be6 Rc2 39. Kd1 Rf2 40. f5
Rg2 41. g5 hxg5 42. hxg5 Rxg5 43. Kd2 Rg3 44. Kc2 Rf3 45. Kb2 Rf2+ 46. Kb1 Kc3
47. Ka1 Rb2 48. Bd5 Rxb3 49. Bxb3 Kxb3 50. Kb1 Kxa4 51. Ka2 Kb4 52. Kb2 Kc4 53.
Ka3 Kd4 54. Ka4 Ke4 55. Kxa5 Kxf5 56. Kb4 Ke4 57. Kc3 Ke3 58. Kc2 f5 59. Kd1 f4
60. Ke1 f3 61. Kf1 f2 0-1

[Event "USV Potsdam-SC Forchheim"]
[Site "?"]
[Date "2007.12.28"]
[Round "3.2"]
[White "Eichstaedt, Mirko"]
[Black "Nöttling, Dominik"]
[Result "0-1"]
[WhiteElo "1284"]
[BlackElo "1755"]
[PlyCount "120"]
[EventDate "2007.??.??"]

1. e4 b6 2. d4 Bb7 3. Nc3 e6 4. a3 d6 5. Nf3 Nf6 6. Bd3 Nbd7 7. h3 Be7 8. O-O
a6 9. Re1 c5 10. Re2 Qc7 11. Qe1 c4 12. Bd2 e5 13. d5 cxd3 14. cxd3 Nc5 15. d4
Nb3 16. dxe5 dxe5 17. Rd1 O-O 18. Bg5 Rfd8 19. Re3 h6 20. Bh4 Nc5 21. Rc1 Nb3
22. Rd1 Rac8 23. Ne2 Nc5 24. Nc3 Ncd7 25. Rc1 Qb8 26. Kh1 Bc5 27. Re2 Re8 28.
b4 Bf8 29. Kg1 Nh5 30. Bg3 Nxg3 31. fxg3 a5 32. Na2 Rxc1 33. Nxc1 Rc8 34. Nd3
Ba6 35. Qd2 axb4 36. axb4 Bxd3 37. Qxd3 Bxb4 38. Qb5 Qd6 39. Rb2 Qc5+ 40. Qxc5
Bxc5+ 41. Kf1 Ra8 42. Rb1 Ra2 43. g4 Kf8 44. Re1 Rf2+ 45. Kg1 Rxf3+ 46. Kh2 Re3
47. Ra1 Rxe4 48. Ra7 Ke7 49. Kg3 Rd4 50. Kf3 Rxd5 51. Ke4 Rd2 52. g3 Rh2 53. h4
Rg2 54. Kf3 Rf2+ 55. Ke4 Ke6 56. Ra8 Nf6+ 57. Kd3 e4+ 58. Kc3 e3 59. Kd3 e2 60.
Ra1 Bb4 0-1

[Event "USV Potsdam-SC Forchheim"]
[Site "?"]
[Date "2007.12.28"]
[Round "3.3"]
[White "Stephan, Michael"]
[Black "Cech, Tim"]
[Result "1-0"]
[WhiteElo "1726"]
[BlackElo "1218"]
[PlyCount "63"]
[EventDate "2007.??.??"]

1. e4 e5 2. Nf3 Nf6 3. d3 Nc6 4. Bg5 h6 5. Bh4 Be7 6. Nc3 O-O 7. Be2 b6 8. O-O
Bb7 9. a3 Bc5 10. Rb1 Re8 11. Qd2 Nd4 12. Nxd4 Bxd4 13. Bxf6 Qxf6 14. Nb5 Rec8
15. Nxd4 exd4 16. f4 Re8 17. Bf3 Qe7 18. Rbe1 Qf8 19. Qf2 c5 20. Qg3 d6 21. f5
Re5 22. h4 Kh8 23. Qf4 Qe7 24. Re2 Re8 25. Rfe1 Qf6 26. g3 Bc6 27. Kg2 Bb7 28.
g4 Qxh4 29. Rh1 Qe7 30. g5 Kh7 31. gxh6 gxh6 32. Qxh6+ 1-0

[Event "SF Köln-Mülheim-SC Reti Heusweiler"]
[Site "?"]
[Date "2007.12.28"]
[Round "3.1"]
[White "Grewenig, Jan"]
[Black "Pauly, Carlo"]
[Result "1-0"]
[WhiteElo "1607"]
[BlackElo "1649"]
[PlyCount "91"]
[EventDate "2007.??.??"]

1. g3 Nf6 2. Bg2 g6 3. Nf3 Bg7 4. O-O O-O 5. d4 d6 6. Re1 Nbd7 7. e4 e5 8. Nc3
c6 9. d5 Qc7 10. dxc6 bxc6 11. h3 Nc5 12. b4 Ne6 13. a4 Rd8 14. Rb1 d5 15. exd5
Nxd5 16. Nxd5 cxd5 17. Bb2 f6 18. Qe2 Bb7 19. Rbc1 Bh6 20. Rb1 Rac8 21. c3 Re8
22. Nh2 Kf7 23. Ng4 Bg7 24. Rbd1 Rcd8 25. Qe3 h5 26. Nh2 Qb6 27. Qxb6 axb6 28.
Nf1 Rd7 29. Re2 Bh6 30. Nd2 Red8 31. Nb3 h4 32. Ba1 hxg3 33. fxg3 Ba6 34. b5
Bc8 35. Bb2 Rc7 36. Rxd5 Rxd5 37. Bxd5 Ra7 38. a5 bxa5 39. b6 Re7 40. Nxa5 Ba6
41. c4 Re8 42. b7 Bf8 43. Bc3 Bc5+ 44. Kg2 Bd6 45. Rb2 Bb8 46. Rb6 1-0

[Event "SF Köln-Mülheim-SC Reti Heusweiler"]
[Site "?"]
[Date "2007.12.28"]
[Round "3.2"]
[White "Eigemann, Frederik"]
[Black "Holle, Eric"]
[Result "1/2-1/2"]
[WhiteElo "1564"]
[BlackElo "1340"]
[PlyCount "58"]
[EventDate "2007.??.??"]

1. e4 e5 2. Nf3 Nc6 3. Nc3 Bc5 4. Nxe5 Nxe5 5. d4 Bd6 6. dxe5 Bxe5 7. Bd2 Nf6
8. f3 O-O 9. Bc4 d6 10. Qe2 Be6 11. g4 c6 12. g5 Nh5 13. O-O-O Nf4 14. Bxf4
Bxf4+ 15. Kb1 Qxg5 16. Rhg1 Bxc4 17. Qxc4 Qh5 18. Qd4 Be5 19. Qf2 Qxh2 20. Rg2
Qh6 21. Rdg1 Rfe8 22. Ne2 Re6 23. Nd4 Rf6 24. Nf5 Qf4 25. Rg4 Qh2 26. Rxg7+ Kh8
27. Qxh2 Bxh2 28. R1g2 Bf4 29. Ne7 h6 1/2-1/2

[Event "SF Köln-Mülheim-SC Reti Heusweiler"]
[Site "?"]
[Date "2007.12.28"]
[Round "3.3"]
[White "Holle, Cedric"]
[Black "Eigemann, Julian"]
[Result "0-1"]
[WhiteElo "1261"]
[BlackElo "1508"]
[PlyCount "60"]
[EventDate "2007.??.??"]

1. e4 d5 2. exd5 Qxd5 3. Nc3 Qa5 4. d4 c6 5. Nf3 Nf6 6. Bf4 Bf5 7. Bc4 e6 8.
Bd2 Qc7 9. O-O Nbd7 10. Re1 Bd6 11. h3 O-O-O 12. Bg5 h6 13. Be3 g5 14. a3 Rhg8
15. b4 g4 16. hxg4 Bxg4 17. b5 Bh3 18. Bf1 Ng4 19. bxc6 bxc6 20. Rb1 Nb6 21.
Na4 Nxa4 22. Ba6+ Kd7 23. Rb7 Qxb7 24. Bxb7 Nxe3 25. Rxe3 Bxg2 26. Ne5+ Bxe5
27. dxe5+ Kc7 28. Qb1 Rb8 29. Qb4 Rxb7 30. Qxa4 Rb1+ 0-1

[Event "SF Köln-Mülheim-SC Reti Heusweiler"]
[Site "?"]
[Date "2007.12.28"]
[Round "3.4"]
[White "Rahmen, Christian"]
[Black "Schirra, Felix"]
[Result "1/2-1/2"]
[WhiteElo "771"]
[BlackElo "1216"]
[PlyCount "31"]
[EventDate "2007.??.??"]

1. Nf3 Nc6 2. g3 g6 3. Bg2 Bg7 4. O-O Nf6 5. d3 O-O 6. Nbd2 d5 7. e4 dxe4 8.
dxe4 e5 9. Re1 Bg4 10. h3 Be6 11. Qe2 Qd7 12. Ng5 Nd4 13. Qd3 Bh6 14. Nxe6 Qxe6
15. c3 Nc6 16. Qc4 1/2-1/2

[Event "SV Empor Erfurt-SV Stuttgart-Wolfbusch"]
[Site "?"]
[Date "2007.12.28"]
[Round "3.1"]
[White "Schnorr, Christian"]
[Black "Urban, Lars"]
[Result "1/2-1/2"]
[WhiteElo "1569"]
[BlackElo "1657"]
[PlyCount "89"]
[EventDate "2007.??.??"]

1. d4 d5 2. Nf3 Nf6 3. e3 e6 4. Bd3 Bd6 5. Nbd2 Nbd7 6. O-O c6 7. e4 dxe4 8.
Nxe4 Nxe4 9. Bxe4 Nf6 10. Bd3 O-O 11. c3 Re8 12. Re1 Qc7 13. Bg5 Nd5 14. Bh4 b5
15. Kh1 a5 16. Ng5 h6 17. Nf3 Ba6 18. Ne5 b4 19. c4 Nf4 20. Bf1 Bxe5 21. dxe5
Ng6 22. Bg3 Red8 23. Qc2 Rd7 24. Bd3 Ne7 25. Rad1 Rad8 26. Be2 Nf5 27. f4 Ne3
28. Rxd7 Qxd7 29. Qc1 Qd2 30. Bf2 Nf5 31. Bb6 Qxc1 32. Rxc1 Rd2 33. Bf1 Rxb2
34. Bxa5 Ne3 35. Kg1 Rxa2 36. Bxb4 Ra4 37. Bc5 Nxc4 38. Rc2 Bb5 39. Bxc4 Bxc4
40. g3 Bd5 41. Kf2 Re4 42. Bd6 Kh7 43. Be7 Kg6 44. Bd6 Kh5 45. h3 1/2-1/2

[Event "SV Empor Erfurt-SV Stuttgart-Wolfbusch"]
[Site "?"]
[Date "2007.12.28"]
[Round "3.2"]
[White "Schneider, Jan"]
[Black "Dölker, Kai"]
[Result "1/2-1/2"]
[WhiteElo "1477"]
[BlackElo "1221"]
[PlyCount "95"]
[EventDate "2007.??.??"]

1. d4 d5 2. c4 e6 3. Nc3 Nf6 4. cxd5 Nxd5 5. Nxd5 exd5 6. Bf4 Bd6 7. Bxd6 Qxd6
8. e3 O-O 9. Bd3 Nd7 10. Qc2 Nf6 11. Nf3 Bg4 12. Ne5 Bh5 13. O-O c6 14. Rab1
Bg6 15. Bxg6 fxg6 16. b4 a6 17. a4 Rac8 18. Qd3 Rc7 19. b5 axb5 20. axb5 c5 21.
Qa3 Rd8 22. dxc5 Qxe5 23. Qa5 Qe7 24. Rfc1 Rdc8 25. c6 bxc6 26. bxc6 Rxc6 27.
Rxc6 Rxc6 28. h3 Qe5 29. Qa8+ Qe8 30. Rb8 Re6 31. Rxe8+ Rxe8 32. Qa5 h6 33. Kh2
Kh7 34. g4 g5 35. Kg3 Re4 36. Qc5 Rxg4+ 37. Kh2 Rc4 38. Qb5 Rc8 39. Qd3+ Kh8
40. Qf5 Re8 41. Qc2 Re4 42. Qc8+ Re8 43. Qc5 Kg8 44. f3 Rd8 45. Kg3 Re8 46. Qd4
Kf7 47. Qa7+ Re7 48. Qd4 1/2-1/2

[Event "SV Empor Erfurt-SV Stuttgart-Wolfbusch"]
[Site "?"]
[Date "2007.12.28"]
[Round "3.3"]
[White "Riasanow, Nikita"]
[Black "Lorenz, Erik"]
[Result "0-1"]
[WhiteElo "1252"]
[BlackElo "1314"]
[PlyCount "94"]
[EventDate "2007.??.??"]

1. e4 c5 2. Nc3 Nc6 3. g3 g6 4. Bg2 Bg7 5. f4 d6 6. Nf3 Nh6 7. O-O f5 8. d3 e6
9. Ne2 O-O 10. Ng5 b5 11. c3 a5 12. exf5 Qc7 13. fxe6 Re8 14. Qb3 b4 15. e7+
Kh8 16. Bd2 Rxe7 17. Rfe1 Bg4 18. Nf3 Rae8 19. Qd1 Qd7 20. Rc1 Nf5 21. h3 Bxf3
22. Bxf3 Ne3 23. Bxe3 Rxe3 24. Kg2 d5 25. Bg4 Qe7 26. Rc2 h5 27. Bf3 Qd6 28.
Rf1 d4 29. c4 Nb8 30. Be4 Nd7 31. Rf3 Kh7 32. Qg1 Rxf3 33. Bxf3 Nf6 34. Qf2 Re3
35. Rd2 Qe6 36. b3 Bf8 37. Ng1 Bd6 38. h4 Kg7 39. Nh3 Be7 40. Ng5 Qf5 41. Ne4
Nxe4 42. dxe4 Qe6 43. Bd1 Bd8 44. Bc2 Qg4 45. f5 Bxh4 46. fxg6 Rxg3+ 47. Kf1
Rf3 0-1

[Event "SV Empor Erfurt-SV Stuttgart-Wolfbusch"]
[Site "?"]
[Date "2007.12.28"]
[Round "3.4"]
[White "Messing, Paul"]
[Black "Baumann, Oliver"]
[Result "1-0"]
[WhiteElo "1211"]
[BlackElo "888"]
[PlyCount "27"]
[EventDate "2007.??.??"]

1. e4 e5 2. Nf3 Nc6 3. Bc4 Bc5 4. c3 Nf6 5. d3 O-O 6. Bg5 h6 7. Bh4 d6 8. Bb3
g5 9. Nxg5 hxg5 10. Bxg5 Ne7 11. Bxf6 Qd7 12. Qh5 Ng6 13. Qh6 Re8 14. Qg7# 1-0

[Event "SK Ettlingen-SC Vaterstetten"]
[Site "?"]
[Date "2007.12.28"]
[Round "3.4"]
[White "Kupferschmid, Gernot"]
[Black "Opitz, Jonas"]
[Result "1-0"]
[WhiteElo "1204"]
[BlackElo "1075"]
[PlyCount "53"]
[EventDate "2007.??.??"]

1. e4 d6 2. d4 Nf6 3. Nc3 g6 4. Nf3 Bg7 5. Bc4 O-O 6. Be3 Nc6 7. Qe2 e5 8.
O-O-O Qe8 9. Bb5 Bd7 10. d5 Ne7 11. Nd2 Bxb5 12. Qxb5 Qxb5 13. Nxb5 c6 14. dxc6
bxc6 15. Nxd6 Rad8 16. N6c4 Ng4 17. Bc5 Rd7 18. f3 Nf6 19. Nxe5 Rb7 20. Nb3 Ne8
21. Nd7 Rxd7 22. Rxd7 Bf6 23. Bxe7 Bxe7 24. Rxe7 Nf6 25. Rxa7 Rd8 26. Rd1 Rxd1+
27. Kxd1 1-0

[Event "Weisse Dame Hamburg-LSV Turm Lippstadt"]
[Site "?"]
[Date "2007.12.28"]
[Round "3.4"]
[White "Petru, Dennis"]
[Black "Sabelfeld, Andreas"]
[Result "1-0"]
[WhiteElo "1073"]
[BlackElo "1055"]
[PlyCount "59"]
[EventDate "2007.??.??"]

1. e4 e6 2. d4 d5 3. Nc3 c5 4. exd5 exd5 5. dxc5 Nf6 6. Bg5 Be6 7. Qd2 Bxc5 8.
O-O-O O-O 9. Bd3 Bb4 10. Nge2 d4 11. Nxd4 Qxd4 12. Bxh7+ Nxh7 13. Qxd4 Bxc3 14.
Qxc3 Nxg5 15. f3 Nc6 16. h4 Nh7 17. h5 Ne7 18. g4 Ng5 19. h6 gxh6 20. Rxh6 Ng6
21. Rdh1 f6 22. Rxg6+ Kf7 23. Qxf6+ Ke8 24. Qxg5 Bf7 25. Rd6 Be6 26. Rxe6+ Kd7
27. Qe7+ Kc8 28. Qxf8+ Kd7 29. Qf7+ Kc8 30. Re8# 1-0

[Event "SG Porz 47-SK Gründau"]
[Site "?"]
[Date "2007.12.28"]
[Round "3.3"]
[White "Zahn, Fabian"]
[Black "Sabirov, Ramil"]
[Result "0-1"]
[WhiteElo "957"]
[BlackElo "1147"]
[PlyCount "70"]
[EventDate "2007.??.??"]

1. e4 c5 2. Nf3 e6 3. Nc3 Nc6 4. Bc4 d6 5. O-O Nf6 6. Bb5 Bd7 7. a4 Be7 8. Bxc6
Bxc6 9. Re1 d5 10. exd5 Nxd5 11. Nxd5 Bxd5 12. b3 Bf6 13. Rb1 a5 14. c4 Bc6 15.
Ba3 Qc7 16. h3 O-O 17. d4 Rad8 18. Bxc5 Bxf3 19. Qxf3 Rfe8 20. d5 Qxc5 21. dxe6
Rxe6 22. Rxe6 fxe6 23. Qxb7 Bd4 24. Rf1 Rf8 25. Kh1 Bxf2 26. Qe4 Qe3 27. Qc6
Qe2 28. Rb1 Bd4 29. Qd6 Rf1+ 30. Rxf1 Qxf1+ 31. Kh2 Qg1+ 32. Kg3 Qe3+ 33. Kh4
Qe4+ 34. g4 Bf2+ 35. Kh5 Qg6# 0-1

[Event "Wilhelmshavener SF-SF Brackel Dortmund"]
[Site "?"]
[Date "2007.12.28"]
[Round "3.1"]
[White "Schwiddessen, Jan"]
[Black "Heermann, Kai"]
[Result "1-0"]
[WhiteElo "1335"]
[BlackElo "1379"]
[PlyCount "63"]
[EventDate "2007.??.??"]

1. d4 f5 2. c4 Nf6 3. Bg5 e6 4. Nf3 h6 5. Bxf6 Qxf6 6. e3 c6 7. Ne5 Bb4+ 8. Nc3
h5 9. Be2 g6 10. O-O d5 11. Qb3 Bd6 12. Nd3 g5 13. cxd5 exd5 14. Qd1 Kd8 15. f3
g4 16. f4 Nd7 17. Qd2 Nf8 18. Ne5 Bxe5 19. dxe5 Qh6 20. e4 h4 21. exd5 cxd5 22.
Qxd5+ Bd7 23. Qxb7 Rc8 24. Qxa7 Ng6 25. Rad1 Rc7 26. Qb8+ Rc8 27. Rxd7+ Kxd7
28. Rd1+ Ke7 29. Qd6+ Kf7 30. Qf6+ Kg8 31. Qe6+ Kh7 32. Rd7+ 1-0

[Event "Wilhelmshavener SF-SF Brackel Dortmund"]
[Site "?"]
[Date "2007.12.28"]
[Round "3.2"]
[White "Neumann, Florian"]
[Black "Reisberg, Andre"]
[Result "0-1"]
[WhiteElo "1242"]
[BlackElo "1195"]
[PlyCount "68"]
[EventDate "2007.??.??"]

1. e4 e5 2. Nc3 Nf6 3. Bc4 Bc5 4. d3 Nc6 5. Bg5 d6 6. Na4 Bb6 7. Nxb6 axb6 8.
f3 Qe7 9. Ne2 Be6 10. Bb3 O-O 11. Nc3 Nb4 12. Nd5 Nbxd5 13. Bxd5 Bxd5 14. exd5
Ra5 15. c4 Rfa8 16. Qb3 h6 17. Bh4 g5 18. Bg3 Nd7 19. Bf2 Qf6 20. a3 Qf5 21.
Qd1 b5 22. Qe2 Qf4 23. g3 Qf5 24. Qe4 Qxe4+ 25. fxe4 b4 26. Ke2 bxa3 27. Rxa3
Rxa3 28. bxa3 Rxa3 29. Rb1 Ra2+ 30. Ke3 b6 31. Rd1 Nf6 32. Rd2 Ng4+ 33. Ke2
Rxd2+ 34. Kxd2 Nxf2 0-1

[Event "Wilhelmshavener SF-SF Brackel Dortmund"]
[Site "?"]
[Date "2007.12.28"]
[Round "3.3"]
[White "Tiemann, Uwe"]
[Black "Hellwig, Immo"]
[Result "1-0"]
[WhiteElo "1031"]
[BlackElo "1084"]
[PlyCount "61"]
[EventDate "2007.??.??"]

1. e4 e5 2. Nf3 Nc6 3. Bc4 Nf6 4. Ng5 d5 5. exd5 Nd4 6. d6 Qxd6 7. Nxf7 Qc6 8.
Nxe5 Qxg2 9. Rf1 Qe4+ 10. Be2 Nxc2+ 11. Qxc2 Qxc2 12. Nc3 Qf5 13. d4 Bb4 14.
Kd1 Bxc3 15. bxc3 Ne4 16. Bd3 Nxf2+ 17. Ke2 Qh3 18. Rxf2 Bg4+ 19. Ke1 O-O-O 20.
Nxg4 Qxg4 21. Bf5+ Qxf5 22. Rxf5 Rd6 23. Rf7 g6 24. Bf4 Re8+ 25. Kd2 Rb6 26.
Rxc7+ Kd8 27. Rxh7 Rb2+ 28. Kd3 b5 29. Rxa7 Rf8 30. Ra8+ Ke7 31. Bd6+ 1-0

[Event "Wilhelmshavener SF-SF Brackel Dortmund"]
[Site "?"]
[Date "2007.12.28"]
[Round "3.4"]
[White "Großklaus, Igor"]
[Black "Birnkraut, Tim"]
[Result "0-1"]
[WhiteElo "1191"]
[BlackElo "1007"]
[PlyCount "46"]
[EventDate "2007.??.??"]

1. e4 e5 2. Nc3 Nf6 3. Bc4 Bc5 4. d3 Nc6 5. Bg5 d6 6. Na4 Bb6 7. Nxb6 axb6 8.
f3 Be6 9. Bxe6 fxe6 10. Ne2 d5 11. O-O O-O 12. d4 Qd6 13. f4 exf4 14. Bxf4 e5
15. dxe5 Nxe5 16. Nc3 d4 17. Nb5 Qc5 18. Nxd4 Rad8 19. c3 b5 20. Qb3+ Kh8 21.
Bxe5 Qxe5 22. Ne6 Ng4 23. Nxf8 Qxh2# 0-1

[Event "SF Baiertal-Schatthausen-SV Empor Berli"]
[Site "?"]
[Date "2007.12.28"]
[Round "3.2"]
[White "Müller, Maiko"]
[Black "Moritz, Aron"]
[Result "0-1"]
[WhiteElo "1208"]
[BlackElo "1646"]
[PlyCount "92"]
[EventDate "2007.??.??"]

1. e4 c5 2. Nf3 d6 3. Bc4 Nc6 4. c3 Nf6 5. Qb3 e6 6. d3 a6 7. a4 Na5 8. Qa2
Nxc4 9. Qxc4 Bd7 10. Bg5 Be7 11. b4 b5 12. Qb3 bxa4 13. Qc2 cxb4 14. cxb4 Rc8
15. Nc3 Qb6 16. Qb2 d5 17. Bxf6 Bxf6 18. e5 Be7 19. Rb1 Qxb4 20. Qxb4 Bxb4 21.
Rxb4 Rxc3 22. Kd2 Rc8 23. Nd4 Ke7 24. Rb7 Rc5 25. Ra1 Kd8 26. Rb8+ Rc8 27. Rb6
Kc7 28. Rxa6 Kb7 29. Rd6 Rc7 30. Rb1+ Kc8 31. Rdb6 Kd8 32. Rd6 Ke7 33. f4 g6
34. g4 Rg8 35. h4 h6 36. Nc2 g5 37. fxg5 hxg5 38. h5 f6 39. d4 Rf8 40. h6 fxe5
41. dxe5 Rf2+ 42. Kd3 Rfxc2 43. h7 Rh2 44. Rbb6 Rxh7 45. Rb2 Rh3+ 46. Kd4 Rc4#
0-1

[Event "SF Baiertal-Schatthausen-SV Empor Berli"]
[Site "?"]
[Date "2007.12.28"]
[Round "3.4"]
[White "Gutenkunst, Lukas"]
[Black "Scheinhütte, Jakob"]
[Result "0-1"]
[WhiteElo "768"]
[BlackElo "927"]
[PlyCount "90"]
[EventDate "2007.??.??"]

1. e4 e5 2. Nf3 Nc6 3. Bc4 Be7 4. O-O Nf6 5. Nc3 d6 6. d3 Bg4 7. Be3 O-O 8. h3
Bh5 9. Qe2 a6 10. Rad1 b5 11. Bb3 Na5 12. Nd5 Nxb3 13. Nxe7+ Qxe7 14. axb3 Qe6
15. Bg5 c5 16. c4 b4 17. Qe3 Bxf3 18. Qxf3 a5 19. Ra1 Ra7 20. Qg3 g6 21. Ra2
Nd7 22. Bh6 Rfa8 23. Rfa1 Nb8 24. Qg5 Nc6 25. h4 Kh8 26. h5 Rg8 27. Rf1 gxh5
28. Qxh5 Rg6 29. Be3 Ra8 30. f4 exf4 31. Rxf4 Rag8 32. Rh4 Rxg2+ 33. Kf1 R2g7
34. Ke2 Ne5 35. Ra1 Ng6 36. Rh2 Qf6 37. Rah1 Nf8 38. Bh6 Qxb2+ 39. Ke3 Qxb3 40.
Bxg7+ Rxg7 41. Qf5 a4 42. Qc8 Kg8 43. Kf4 a3 44. Kf5 Qc3 45. Ra2 Qe5# 0-1

[Event "USV Potsdam-SC Forchheim"]
[Site "?"]
[Date "2007.12.28"]
[Round "3.1"]
[White "Mons, Leon"]
[Black "Friedrich, Wiede"]
[Result "1/2-1/2"]
[WhiteElo "1990"]
[BlackElo "1963"]
[PlyCount "46"]
[EventDate "2007.??.??"]

1. e4 c5 2. Nf3 d6 3. d4 cxd4 4. Nxd4 Nf6 5. Nc3 g6 6. Bc4 Bg7 7. O-O O-O 8.
Re1 Nc6 9. Bb3 Bd7 10. h3 Nxd4 11. Qxd4 Bc6 12. Qd3 Qa5 13. Be3 Rfd8 14. Rad1
e6 15. Bd4 b5 16. a3 b4 17. axb4 Qxb4 18. Ra1 e5 19. Bxa7 Qb7 20. Qe3 Nxe4 21.
Nxe4 Bxe4 22. Qxe4 Rxa7 23. Bd5 Qc7 1/2-1/2

[Event "SK Ettlingen-SC Vaterstetten"]
[Site "?"]
[Date "2007.12.28"]
[Round "3.1"]
[White "Nitsche-Hahn, Maxim"]
[Black "Volz, Alexander"]
[Result "0-1"]
[WhiteElo "1425"]
[BlackElo "1480"]
[PlyCount "70"]
[EventDate "2007.??.??"]

1. d4 d5 2. c4 dxc4 3. Nf3 a6 4. Qa4+ b5 5. Qd1 Bb7 6. e3 Nf6 7. a4 e6 8. axb5
axb5 9. Rxa8 Bxa8 10. b3 Bb4+ 11. Bd2 Bxd2+ 12. Qxd2 O-O 13. Ne5 Nc6 14. Nxc6
Bxc6 15. bxc4 bxc4 16. f3 Qb8 17. Nc3 Nd5 18. Be2 Qb3 19. Nxd5 exd5 20. O-O Re8
21. Kf2 Ra8 22. Qd1 Qxd1 23. Rxd1 Ra2 24. Kf1 Kf8 25. Rc1 Ba4 26. e4 c6 27. Bd1
Bb3 28. Rb1 Bxd1 29. Rxd1 Ke7 30. Re1 Kd6 31. Re2 Rxe2 32. Kxe2 c5 33. Ke3 dxe4
34. Kxe4 c3 35. Kd3 cxd4 0-1

[Event "SK Ettlingen-SC Vaterstetten"]
[Site "?"]
[Date "2007.12.28"]
[Round "3.2"]
[White "Weber, Clemens"]
[Black "Nitsche-Hahn, Raphael"]
[Result "0-1"]
[WhiteElo "1326"]
[BlackElo "1528"]
[PlyCount "132"]
[EventDate "2007.??.??"]

1. e4 c5 2. Nf3 Nc6 3. d4 cxd4 4. Nxd4 Nf6 5. Nc3 g6 6. Be3 Bg7 7. Be2 O-O 8.
O-O d5 9. exd5 Nxd5 10. Nxd5 Qxd5 11. Nxc6 Qxc6 12. Rb1 Bf5 13. Bd3 Rfd8 14.
Qe2 Bxd3 15. cxd3 Qa6 16. a3 Qxd3 17. Qxd3 Rxd3 18. Rfc1 Rd7 19. b3 b6 20. h3
Rad8 21. Re1 h6 22. a4 Kh7 23. Kf1 e6 24. Rec1 Bd4 25. Bxd4 Rxd4 26. Re1 Rc8
27. Rbc1 Rxc1 28. Rxc1 Rd7 29. Ke2 Kg7 30. Ke3 Kf6 31. g3 Ke7 32. b4 e5 33. Rc4
Kd6 34. Rc3 Rc7 35. Rd3+ Ke7 36. Rb3 Rc4 37. Kd3 Rd4+ 38. Ke3 Ke6 39. Kf3 f5
40. Ke3 Re4+ 41. Kd3 Rd4+ 42. Ke3 Kd5 43. Rd3 Rxd3+ 44. Kxd3 g5 45. f3 e4+ 46.
fxe4+ fxe4+ 47. Kc3 e3 48. a5 b5 49. Kd3 e2 50. Kxe2 Kc4 51. Kd2 Kxb4 52. Kc2
Kxa5 53. Kb3 Kb6 54. Ka3 a5 55. Kb3 b4 56. Kc4 Kc6 57. Kb3 Kb5 58. Kc2 Kc4 59.
Kb2 a4 60. Ka2 a3 61. Kb1 b3 62. Kc1 b2+ 63. Kd2 b1=Q 64. Ke3 Qd3+ 65. Kf2 a2
66. Kg2 a1=Q 0-1